Coupe du Monde 2006: Un joueur, une équipe - Statistiques

Statistiques générales
  • Ce quiz a été pris 255 fois
  • Le résultat moyen est 24 sur 32
Statistiques - réponses
Réponse % Correct
Angleterre
100%
Allemagne
99%
Brésil
98%
Corée du Sud
97%
Argentine
94%
Espagne
94%
France
94%
Suède
94%
Italie
92%
Ukraine
91%
Australie
90%
Pays-Bas
90%
Portugal
90%
République Tchèque
87%
Japon
86%
Ghana
85%
Arabie Saoudite
84%
Serbie-et-Monténégro
84%
Suisse
81%
Croatie
60%
Iran
59%
Equateur
54%
Pologne
54%
Côte d'Ivoire
53%
Etats-Unis
52%
Togo
52%
Angola
51%
Paraguay
51%
Costa Rica
50%
Trinité-et-Tobago
49%
Mexique
40%
Tunisie
38%
Aucun quiz correspondant
Distribution des résultats
% des personnes avec chaque résultat
Percentile par nombre de réponses
Votre historique - résultats
Vous n’avez pas pris ce quiz